| 000 | 01121nam a2200253Ia 4500 | ||
|---|---|---|---|
| 001 | 242.1-LEC je ri (3658) | ||
| 003 | IT-MiSPE | ||
| 008 | 171229s9999||||xx |||||||||||||| ||und|| | ||
| 040 |
_aIT-MiSPE _cIT-MiSPE |
||
| 041 | _aITALIANO | ||
| 100 | _aJean Leclercq | ||
| 240 | _aLa doctrine du bienheureux Paul Giustiniani | ||
| 245 | 0 |
_aIl richiamo del deserto _bLa dottrina del beato Paolo Giustiniani |
|
| 250 | _a2a ed. | ||
| 260 |
_aCatania _bEd. Paoline _c1977 |
||
| 300 |
_a173 p. _c18 cm |
||
| 490 |
_aSpiritualità/Maestri _v8 |
||
| 500 | _aGiustiniani, Paolo, beato | ||
| 501 | _aEdizioni San Paolo srl - Piazza Soncino, 5 - 20092 CINISELLO BALSAMO (MI) (non commercial uses only) ® Copyright 2018 | ||
| 700 |
_as.tr. _g(traduzione) |
||
| 942 | _cBK | ||
| 957 | _71 | ||
| 999 |
_a11352 _bNO _g Copie: 1 _c342129 _d342129 |
||